Изучение структурно-фазовых превращений в аустенитной стали Х18Н10Т при комбинировании прокатки с легированием водородом; Перспективы развития фундаментальных наук

Bibliographische Detailangaben
Parent link:Перспективы развития фундаментальных наук.— 2013.— [С. 108-110]
1. Verfasser: Кретов Ю. Л.
Weitere Verfasser: Мельников Е. В. (научный руководитель), Майер Г. Г., Астафурова Е. Г. Елена Геннадьевна
Zusammenfassung:Заглавие с экрана
The influence of a combination of rolling and reversible hydrogenation on the structural and phase transformations in Fe-18Cr-10Ni-1Ti (in wt. %) austenitic stainless steel was studied. Electrolytic hydrogen saturation and subsequent rolling increases the amount of α-phase in steel under investigation. Analysis of the phase composition of the samples showed that the hydrogen alloying also contributes to the appearance of -martensite in the structure of steel. Microhardness increases slightly with increasing hydrogenation time and current density.
Sprache:Russisch
Veröffentlicht: 2013
Schriftenreihe:Физика
Schlagworte:
Online-Zugang:http://www.lib.tpu.ru/fulltext/c/2013/C21/031.pdf
Format: Elektronisch Buchkapitel
KOHA link:https://koha.lib.tpu.ru/cgi-bin/koha/opac-detail.pl?biblionumber=603574

MARC

LEADER 00000naa2a2200000 4500
001 603574
005 20260204091442.0
035 |a (RuTPU)RU\TPU\conf\769 
035 |a RU\TPU\conf\768 
090 |a 603574 
100 |a 20140124d2013 k y0rusy50 ca 
101 0 |a rus 
102 |a RU 
135 |a drcn ---uucaa 
181 0 |a i  
182 0 |a b 
200 1 |a Изучение структурно-фазовых превращений в аустенитной стали Х18Н10Т при комбинировании прокатки с легированием водородом  |d The study of structural and phase transformation in Fe-18Cr-10Ni-1Ti austenitic steel under rolling combined with hydrogenation  |f Ю. Л. Кретов, Е. В. Мельников, Г. Г. Майер  |g науч. рук. Е. Г. Астафурова 
203 |a Текст  |c электронный 
215 |a 1 файл(635 Кб) 
225 1 |a Физика 
300 |a Заглавие с экрана 
330 |a The influence of a combination of rolling and reversible hydrogenation on the structural and phase transformations in Fe-18Cr-10Ni-1Ti (in wt. %) austenitic stainless steel was studied. Electrolytic hydrogen saturation and subsequent rolling increases the amount of α-phase in steel under investigation. Analysis of the phase composition of the samples showed that the hydrogen alloying also contributes to the appearance of -martensite in the structure of steel. Microhardness increases slightly with increasing hydrogenation time and current density. 
337 |a Adobe Reader 
463 1 |0 (RuTPU)RU\TPU\conf\715  |t Перспективы развития фундаментальных наук  |l Prospects of fundamental sciences development  |o сборник научных трудов X Международной конференция студентов и молодых ученых, г. Томск, 23-26 апреля 2013 г.  |f Национальный исследовательский Томский политехнический университет (ТПУ) ; под ред. Е. А. Вайтулевич и др.  |v [С. 108-110]  |d 2013 
510 1 |a The study of structural and phase transformation in Fe-18Cr-10Ni-1Ti austenitic steel under rolling combined with hydrogenation  |z eng 
610 1 |a электронный ресурс 
610 1 |a труды учёных ТПУ 
610 1 |a структурно-фазовые превращения 
610 1 |a аустенитные стали 
610 1 |a комбинирование 
610 1 |a прокатка 
610 1 |a легирование 
610 1 |a водород 
700 1 |a Кретов  |b Ю. Л. 
701 1 |a Мельников  |b Е. В. 
701 1 |a Майер  |b Г. Г. 
702 1 |a Астафурова  |b Е. Г.  |c химик  |c младший научный сотрудник Томского политехнического университета, кандидат физико-математических наук  |f 1977-  |g Елена Геннадьевна  |4 727 
801 1 |a RU  |b 63413507  |c 20101016 
801 2 |a RU  |b 63413507  |c 20230323  |g RCR 
856 4 |u http://www.lib.tpu.ru/fulltext/c/2013/C21/031.pdf 
942 |c CF